000 00204 a2200097 4500
001 8898
100 _aLewio L J
245 _aThe managment of education
260 _a
_bPall Mall
_c
090 _c7088
_d7088
942 _aNUST-CAE
_cM
_c33698
999 _c243971
_d243971